000 00723nam a22002177a 4500
999 _c14555
_d14555
003 AR-CdUCM
008 190423b ||||| |||| 00| 0 spa d
020 _a978-84-675-1677-7
040 _aMUNICIPALIDAD PROVINCIAL DEL CUSCO
_cBIBLIOTECA MUNICIPAL DEL CUSCO
082 _25ed.
_aPI / 376.1 /
_bM83
100 _aMoroney, Trace
_933288
245 _aCuando estoy contento /
260 _aMadrid :
_bEdiciones SM,
_c2016.
300 _a18 paginas ;
_bIlustraciones
_c21 cm.
500 _aTitulo original :When i´m feeling happy
650 _aCuentos de felicidad
_933368
650 _aCuento para niños
_933323
700 _aTellechea, Teresa (Traducción)
_933324
942 _2ddc
_cLIBROS
945 _awnts
_d2019-04-23